| 000 | 00767nam a2200253 a 4500 | ||
|---|---|---|---|
| 008 | |||
| 020 | _a9780071703543 (pbk.) | ||
| 090 |
_aRM263 _bPHA |
||
| 245 | 1 | 0 |
_aPharmacotheraphy : _ba pathophysiologic approach / _ceited by Joseph T. DiPiro... [et al.] |
| 260 |
_aNew York : _bMcGraw-Hill Medical, _c2008. |
||
| 300 | _a8th ed. | ||
| 300 |
_axxxii, 2668 p. : _bill. ; _c28 cm. |
||
| 504 | _aIncludes bibliographical references. | ||
| 500 | _aIncludes index. | ||
| 650 | 1 | _aChemotherapy. | |
| 650 | _aPhysiology, pathological. | ||
| 700 | _aDiPiro, Joseph T. | ||
| 907 |
_a.b10311695 _b09-05-12 _c02-04-12 |
||
| 003 | |||
| 005 | 20230120204109.0 | ||
| 040 | _cNUST | ||
| 049 | _aMAIN | ||
| 942 |
_cBOOKS _kRM263 _mPHA |
||
| 999 |
_c117043 _d117043 |
||